000 00300nam a2200121Ia 4500
005 20260328104259.0
008 260328s9999||||xx |||||||||||||| ||und||
100 _aCorredor, Beatriz
245 0 _aSelf-Fab House /
_cBeatriz Corredor
260 _bACTAR
650 _aARQUITECTURA CIVIL
942 _cBK
999 _c10562
_d10562